00370nam a22000977a 4500008004100000100001900041245009600060260004300156300003000199773004300229210716b ||||| |||| 00| 0 eng d aSharma, Saumya aUntold urban economy: A study of sex work in the Pernas of Reala Khanpur, South West Delhi  aThe Administrator: Journal of LBSNAA  a60(3), Dec, 2020: p.42-59 a The Administrator: Journal of LBSNAA